Statistiques concernant Participants de Baguette UHC (saison 1-7)

Cliquez ici pour prendre le quiz!

Statistiques générales

  • Ce quiz a été pris 11 fois
  • Le résultat moyen est 36 sur 50

Statistiques - réponses

Saison d'apparition Joueur % Correct
Saison 7T1nky
100%
Saison 1Pib4me
100%
Saison 1Ninboso
100%
Saison 1nemenems
100%
Saison 2Etoiles
100%
Saison 2SkyyartMC
100%
Saison 6TheGuill84
100%
Saison 1Guep
100%
Saison 1Fukano
100%
Saison 1Daiko
100%
Saison 3Xari_
100%
Saison 1CedGhoss
100%
Saison 1Shadoune666
100%
Saison 3Guitou_
83%
Saison 2ThozFR
83%
Saison 1Wolf381
83%
Saison 1Anto
83%
Saison 1Stellios_Cantos
83%
Saison 1Pauluux
83%
Saison 1pase52
83%
Saison 1Nannoxx
83%
Saison 7Moustafa74
83%
Saison 1Ichisu
83%
Saison 5clemXYZ69
67%
Saison 4Skillnez
67%
Saison 4Nadouu
67%
Saison 3Flouzemaker
67%
Saison 3Dezd
67%
Saison 1Lapin
67%
Saison 6Sili
67%
Saison 2iSoq
67%
Saison 1Minichaud
67%
Saison 1MrLulucas
67%
Saison 1Nabot_Sadique
67%
Saison 1Steviix
67%
Saison 1Notitou
67%
Saison 6DarkBabouine
50%
Saison 6Loupio66
50%
Saison 5Tityy
50%
Saison 1Amine_H
50%
Saison 5okthxbye
50%
Saison 5Nonoboy62
50%
Saison 1Romanoxo
50%
Saison 1lozowojo
50%
Saison 1lechampionkev
50%
Saison 1Cortogogo
50%
Saison 1TheGamerCool
50%
Saison 6Croller19
0%
Saison 4HelloItsBTC
0%
Saison 7GGCheat
0%

Distribution des résultats

Percentile par nombre de réponses

% des personnes avec chaque résultat

Votre développement - résultats

Vous n’avez pas pris ce quiz